Città sopra o sotto il Tropico del Cancro? - Quiz n°1 - Statistics

Statistiche generali
  • Questo quiz è stato fatto 4 volte
  • Il punteggio medio è 9 su 10
Statistiche sulle risposte
Hint Risposta % Corretto
Islamabad Nord del Tropico del Cancro
100%
Los Angeles Nord del Tropico del Cancro
100%
Sofia Nord del Tropico del Cancro
100%
Bangkok Sud del Tropico del Cancro
100%
Asmara Sud del Tropico del Cancro
100%
Conakry Sud del Tropico del Cancro
100%
Teheran Nord del Tropico del Cancro
75%
Algeri Nord del Tropico del Cancro
75%
Managua Sud del Tropico del Cancro
75%
Dacca Nord del Tropico del Cancro
50%
Nessun quiz corrispondente trovato
Distribuzione punteggi
Percentuale di utenti per punteggio
Percentile per numero di risposta
I tuoi punteggi nel tempo
Non hai fatto questo quiz